[Event "Bad Woerishofen Seniors op 13th"]
[Site "Bad Woerishofen"]
[Date "1997.??.??"]
[Round "2"]
[White "Betz, Egon"]
[Black "Vierroth, Hans"]
[Result "1/2-1/2"]
[WhiteElo "1878"]
[BlackElo "1826"]
[PlyCount "135"]
[EventDate "1997.03.??"]
[EventType "swiss"]
[EventRounds "9"]
[EventCountry "GER"]
[SourceTitle "EXT 2006"]
[Source "ChessBase"]
[SourceDate "2005.11.24"]
[SourceVersion "1"]
[SourceVersionDate "2005.11.24"]
[SourceQuality "1"]

1. b4 d5 2. Bb2 Bf5 3. e3 e6 4. Nf3 Nf6 5. a3 Nbd7 6. Be2 Be7 7. 0-0 h6 8. d3 0-0 9. Nbd2 a5 10. b5 c6 11. bxc6 bxc6 12. Nd4 Qc7 13. Nxf5 exf5 14. c4 Bd6 15. g3 Rab8 16. Qc2 Qa7 17. d4 Rfc8 18. c5 Be7 19. Rab1 g6 20. Qa4 Bd8 21. f3 h5 22. Bd3 Ra8 23. Bc3 Rab8 24. Rxb8 Nxb8 25. Rb1 Qe7 26. Nf1 Qa7 27. Qb3 Nfd7 28. Qb7 Rc7 29. Qxa7 Rxa7 30. Nd2 h4 31. f4 hxg3 32. hxg3 Bc7 33. Nf3 Kg7 34. Kg2 Nf6 35. Ne5 Ne4 36. Be1 f6 37. Nf3 Kf7 38. Bc2 Kg7 39. Ba4 Kf7 40. Kf1 Ke6 41. Ke2 Kf7 42. Kd3 Ke6 43. Rb2 Kf7 44. Nd2 Ke6 45. Nb3 Rb7 46. Rh2 Kf7 47. Kc2 Kg7 48. Rh3 Ra7 49. Nd2 Rb7 50. Nxe4 fxe4 51. g4 Bd8 52. f5 g5 53. Bg3 Bc7 54. Bxc7 Rxc7 55. Rh1 Rb7 56. Kc3 Kg8 57. Rh2 Rb1 58. Rb2 Rxb2 59. Kxb2 Kf7 60. Bd1 Ke7 61. Kb3 Kd7 62. Ka4 Kc7 63. Kxa5 Kb7 64. Be2 Ka7 65. a4 Kb7 66. Kb4 Ka7 67. a5 Na6+ 68. Ka4 1/2-1/2

[Event "Bad Woerishofen Seniors op 12th"]
[Site "Bad Woerishofen"]
[Date "1996.??.??"]
[Round "7"]
[White "Vierroth, Hans"]
[Black "Hoeppner, Hans1111"]
[Result "1-0"]
[WhiteElo "1870"]
[BlackElo "1715"]
[PlyCount "95"]
[EventDate "1996.03.08"]
[EventType "swiss"]
[EventRounds "9"]
[EventCountry "GER"]
[SourceTitle "EXT 2006"]
[Source "ChessBase"]
[SourceDate "2005.11.24"]
[SourceVersion "1"]
[SourceVersionDate "2005.11.24"]
[SourceQuality "1"]

1. Nf3 e6 2. g3 d6 3. Bg2 c6 4. 0-0 h5 5. d3 Be7 6. h4 Nd7 7. e4 Ndf6 8. e5 dxe5 9. Nxe5 Bd6 10. Qe2 Ne7 11. Bg5 Qb6 12. Nd2 Qc7 13. d4 Bd7 14. c4 Bxe5 15. dxe5 Ng4 16. Nf3 Nf5 17. Bf4 0-0-0 18. Rfd1 Kb8 19. Rd2 Bc8 20. Rad1 Rxd2 21. Qxd2 Qb6 22. b4 Qa6 23. Bf1 Qa3 24. Bg2 Re8 25. Rb1 Re7 26. Rb3 Qa4 27. Rd3 a5 28. a3 axb4 29. axb4 Qa7 30. c5 Qa1+ 31. Bf1 Qb1 32. Kg2 Rc7 33. Rd8 Qa1 34. Ng5 Nh2 35. Be2 Ng4 36. Bd3 Nd4 37. Be4 Nb5 38. Nf3 Re7 39. Bd3 Nc7 40. b5 Nd5 41. bxc6 bxc6 42. Nd4 Qxd4 43. Rxc8+ Kxc8 44. Ba6+ Kd8 45. Qxd4 Rd7 46. Qa4 Re7 47. Bd2 Nxe5 48. Ba5+ 1-0